<?xml version="1.0" encoding="UTF-8"?>
<record
    xmlns:xsi="http://www.w3.org/2001/XMLSchema-instance"
    xsi:schemaLocation="http://www.loc.gov/MARC21/slim http://www.loc.gov/standards/marcxml/schema/MARC21slim.xsd"
    xmlns="http://www.loc.gov/MARC21/slim">

  <leader>01196cam a2200301 a 4500</leader>
  <controlfield tag="005">20191224041751.0</controlfield>
  <controlfield tag="008">030719s2002    it a    r     00010 spa d</controlfield>
  <datafield tag="020" ind1=" " ind2=" ">
    <subfield code="a">9253046562</subfield>
  </datafield>
  <datafield tag="040" ind1=" " ind2=" ">
    <subfield code="a">la </subfield>
    <subfield code="c">la</subfield>
    <subfield code="d">CO-BoIAVH</subfield>
  </datafield>
  <datafield tag="041" ind1="0" ind2=" ">
    <subfield code="a">spa</subfield>
  </datafield>
  <datafield tag="044" ind1=" " ind2=" ">
    <subfield code="a">it</subfield>
  </datafield>
  <datafield tag="082" ind1="0" ind2="4">
    <subfield code="a">634.9 </subfield>
    <subfield code="b">A66f</subfield>
  </datafield>
  <datafield tag="245" ind1="0" ind2="4">
    <subfield code="a">Los &#xE1;rboles fuera del bosque : </subfield>
    <subfield code="b">hacia una mejor consideraci&#xF3;n /</subfield>
    <subfield code="c">Ronald Bellefontaine [y otros 4].</subfield>
  </datafield>
  <datafield tag="260" ind1=" " ind2=" ">
    <subfield code="a">Roma, Italia : </subfield>
    <subfield code="b">Organizaci&#xF3;n de las Naciones Unidas para la Agricultura y la Alimentaci&#xF3;n : Centro de Cooperaci&#xF3;n Internacional en Investigaci&#xF3;n Agr&#xED;cola para el Desarrollo, </subfield>
    <subfield code="c">2002.</subfield>
  </datafield>
  <datafield tag="300" ind1=" " ind2=" ">
    <subfield code="a">220 p&#xE1;ginas : </subfield>
    <subfield code="b">ilustraciones ; </subfield>
    <subfield code="c">32 x 21 cm.</subfield>
  </datafield>
  <datafield tag="490" ind1="0" ind2=" ">
    <subfield code="a">Gu&#xED;a FAO conservaci&#xF3;n ; </subfield>
    <subfield code="v">35</subfield>
  </datafield>
  <datafield tag="500" ind1=" " ind2=" ">
    <subfield code="a">Glosario : p&#xE1;ginas 217-220.</subfield>
  </datafield>
  <datafield tag="504" ind1=" " ind2=" ">
    <subfield code="a">Incluye referencias bibliogr&#xE1;ficas.</subfield>
  </datafield>
  <datafield tag="650" ind1="2" ind2="6">
    <subfield code="a">&#xC1;rboles</subfield>
  </datafield>
  <datafield tag="650" ind1="2" ind2="6">
    <subfield code="a">Arboles frutales</subfield>
  </datafield>
  <datafield tag="650" ind1="2" ind2="6">
    <subfield code="a">Plantas le&#xF1;osas ornamentales</subfield>
  </datafield>
  <datafield tag="700" ind1="1" ind2=" ">
    <subfield code="a">Bellefontaine, Ronald</subfield>
    <subfield code="e">autor</subfield>
  </datafield>
  <datafield tag="700" ind1="1" ind2=" ">
    <subfield code="a">Petit, Sandrine</subfield>
    <subfield code="e">autor</subfield>
  </datafield>
  <datafield tag="700" ind1="1" ind2=" ">
    <subfield code="a">Pain Orcet, Michelle</subfield>
    <subfield code="e">autor</subfield>
  </datafield>
  <datafield tag="700" ind1="1" ind2=" ">
    <subfield code="a">Deleporte, Philippe</subfield>
    <subfield code="e">autor</subfield>
  </datafield>
  <datafield tag="700" ind1="1" ind2=" ">
    <subfield code="a">Bertault, Jen Guy</subfield>
    <subfield code="e">autor</subfield>
  </datafield>
  <datafield tag="942" ind1=" " ind2=" ">
    <subfield code="2">ddc</subfield>
    <subfield code="c">ARTICULO</subfield>
  </datafield>
  <datafield tag="999" ind1=" " ind2=" ">
    <subfield code="c">4922</subfield>
    <subfield code="d">4922</subfield>
  </datafield>
  <datafield tag="952" ind1=" " ind2=" ">
    <subfield code="0">0</subfield>
    <subfield code="1">0</subfield>
    <subfield code="2">ddc</subfield>
    <subfield code="4">0</subfield>
    <subfield code="7">0</subfield>
    <subfield code="8">GENERAL</subfield>
    <subfield code="I">INV2017</subfield>
    <subfield code="a">Bogota</subfield>
    <subfield code="b">Bogota</subfield>
    <subfield code="d">2005-12-02</subfield>
    <subfield code="e">Instituto</subfield>
    <subfield code="g">15000.00</subfield>
    <subfield code="l">0</subfield>
    <subfield code="o">LB-634.9 A66f</subfield>
    <subfield code="p">022503</subfield>
    <subfield code="r">2012-12-04 00:00:00</subfield>
    <subfield code="t">Ej. 1</subfield>
    <subfield code="w">2012-12-04</subfield>
    <subfield code="x">Compra</subfield>
    <subfield code="y">LIBRO</subfield>
  </datafield>
</record>
